000
00258nam a22001097a 4500
082
_a
910 STA'N
100
_a
STAMP, L. DUDLEY
_9
46447
245
_a
A NEW GEOGRAPHY OF INDIA BURMA AND CEYLON
260
_a
LONDON
_b
LOGMAN
_c
1939
300
_a
452P
942
_c
BK
999
_c
567886
_d
567886